| 000 | 00781nam a22001817a 4500 | ||
|---|---|---|---|
| 999 |
_c61499 _d61499 |
||
| 005 | 20240320113329.0 | ||
| 008 | 240320c2006 ge ||||| |||| 00| 0 geo d | ||
| 020 | _q15120880 | ||
| 041 | _ageo | ||
| 245 |
_aსაქართველოს ბიბლიოთეკა : _b2006 / _cრედ.: ალექსანდრე ლორია, გურამ თაყნიაშვილი. |
||
| 260 |
_aთბილისი, _c2000- |
||
| 300 | _aV. | ||
| 653 | _aბიბლიოთეკა | ||
| 653 | _aპერიოდიკა | ||
| 700 |
_aლორია, ალექსანდრე _eრედქტორი. _921483 |
||
| 700 |
_aთაყნიაშვილი, გურამ _e რედაქტორი _921480 |
||
| 942 |
_2udc _cᲬᲘᲒᲜᲘ |
||